[Event "Chigorin Memorial 26th"]
[Site "St Petersburg"]
[Date "2018.11.01"]
[Round "6"]
[White "Melnikov, Dmitry"]
[Black "Badelka, Olga"]
[Result "1/2-1/2"]
[WhiteElo "2207"]
[BlackElo "2394"]
[PlyCount "45"]
[EventDate "2018.10.27"]
[EventType "swiss"]
[EventRounds "9"]
[EventCountry "RUS"]
[SourceTitle "CBM 187 Extra"]
[Source "ChessBase"]
[SourceDate "2018.11.04"]
[SourceVersion "1"]
[SourceVersionDate "2018.11.04"]
[SourceQuality "1"]

1. e4 c5 2. b3 Nc6 3. Bb2 e5 4. Bc4 Be7 5. Nc3 Nf6 6. d3 a6 7. a4 0-0 8. Nge2 d6 9. 0-0 Rb8 10. Nd5 Nxd5 11. Bxd5 Nb4 12. c4 Nxd5 13. cxd5 Bg5 14. f4 exf4 15. Nxf4 f6 16. d4 Re8 17. Qd3 cxd4 18. Bxd4 Qe7 19. Rae1 Bd7 20. Qg3 Kh8 21. Nh5 Rf8 22. h4 Bh6 23. Qf3 1/2-1/2

[Event "Chigorin Memorial 24th"]
[Site "St Petersburg"]
[Date "2016.10.23"]
[Round "9"]
[White "Bimiev, Ahmad"]
[Black "Melnikov, Dmitry"]
[Result "1/2-1/2"]
[WhiteElo "2076"]
[BlackElo "2254"]
[PlyCount "88"]
[EventDate "2016.10.15"]
[EventType "swiss"]
[EventRounds "9"]
[EventCountry "RUS"]
[SourceTitle "CBM 175 Extra"]
[Source "ChessBase"]
[SourceDate "2016.12.12"]
[SourceVersion "1"]
[SourceVersionDate "2016.12.12"]
[SourceQuality "1"]

1. c4 f5 2. Nf3 Nf6 3. g3 g6 4. Bg2 Bg7 5. 0-0 0-0 6. Nc3 d6 7. d4 Qe8 8. d5 Na6 9. Nd4 Nc5 10. b4 Nfe4 11. Ncb5 Na6 12. f3 Nf6 13. Rb1 c6 14. Nc3 Nxb4 15. Rxb4 c5 16. Rb3 cxd4 17. Nb5 Qd8 18. Nxd4 Qc7 19. Qd3 Bd7 20. Be3 Rfc8 21. Rc1 b6 22. Rbc3 Qd8 23. Bf2 Bh6 24. Re1 Rc7 25. f4 Rac8 26. a3 Ng4 27. e4 fxe4 28. Bxe4 Nxf2 29. Kxf2 Bg7 30. Rc2 Qf8 31. Nc6 Kh8 32. Kg2 Bf6 33. Rce2 e6 34. Bf3 exd5 35. cxd5 Qh6 36. Kh1 Qh3 37. Qa6 Bc3 38. Rc1 Bf6 39. Rce1 Bc3 40. Rd1 Bf6 41. a4 h5 42. Bg2 Qg4 43. Qd3 Bf5 44. Qe3 h4 1/2-1/2

[Event "St Petersburg Summer op"]
[Site "St Petersburg"]
[Date "2016.08.25"]
[Round "9"]
[White "Hurtado, Felipe"]
[Black "Melnikov, Dmitry"]
[Result "1/2-1/2"]
[WhiteElo "2132"]
[BlackElo "2262"]
[PlyCount "121"]
[EventDate "2016.08.17"]
[EventType "swiss"]
[EventRounds "9"]
[EventCountry "RUS"]
[SourceTitle "CBM 174 Extra"]
[Source "ChessBase"]
[SourceDate "2016.10.10"]
[SourceVersion "1"]
[SourceVersionDate "2016.10.10"]
[SourceQuality "1"]

1. f4 d5 2. Nf3 Nf6 3. g3 g6 4. Bg2 Bg7 5. 0-0 0-0 6. d3 c5 7. Nc3 d4 8. Ne4 Nxe4 9. dxe4 Nc6 10. Bd2 e5 11. e3 Bg4 12. c3 Qb6 13. Qc1 d3 14. Nh4 c4 15. f5 Bh6 16. h3 Be2 17. Rf2 Qc5 18. Kh2 b5 19. Nf3 Bxf3 20. Rxf3 f6 21. Qf1 g5 22. b4 cxb3 23. axb3 Rfd8 24. Ra6 Rd6 25. Qa1 Rb8 26. Rf1 Rb6 27. b4 Qc4 28. Rxb6 axb6 29. Qa6 Bf8 30. Ra1 Qb3 31. Bf3 Qb2 32. Qa2+ Qxa2 33. Rxa2 Be7 34. Bd1 Bd8 35. Bb3+ Kf8 36. Kg2 Rd7 37. Kf3 Ra7 38. Kf2 Rd7 39. Ke1 Ke7 40. Bc1 Bc7 41. Bd5 Kd6 42. Rd2 Ne7 43. Be6 Rd8 44. Rxd3+ Kc6 45. Rxd8 Bxd8 46. Ke2 Kc7 47. h4 gxh4 48. gxh4 Nc6 49. Kf3 Kd6 50. Bd2 h5 51. Ke2 Be7 52. Kd3 Bf8 53. Bb3 Bh6 54. Bd1 Kd7 55. Bxh5 Ke7 56. Bd1 Kd7 57. Bb3 Ke7 58. Be6 Kd8 59. Ba2 Kc7 60. Bd5 Nd8 61. Bc1 1/2-1/2

[Event "St Petersburg Summer op"]
[Site "St Petersburg"]
[Date "2016.08.21"]
[Round "5"]
[White "Usmanov, Vasily"]
[Black "Melnikov, Dmitry"]
[Result "1-0"]
[WhiteElo "2423"]
[BlackElo "2262"]
[PlyCount "51"]
[EventDate "2016.08.17"]
[EventType "swiss"]
[EventRounds "9"]
[EventCountry "RUS"]
[SourceTitle "CBM 174 Extra"]
[Source "ChessBase"]
[SourceDate "2016.10.10"]
[SourceVersion "1"]
[SourceVersionDate "2016.10.10"]
[SourceQuality "1"]

1. d4 d5 2. Nf3 e6 3. c4 c5 4. cxd5 exd5 5. Bg5 f6 6. Bd2 Nc6 7. Bc3 Bf5 8. Nbd2 Qb6 9. e3 0-0-0 10. a4 a5 11. dxc5 Bxc5 12. Nb3 Bb4 13. Nfd4 Bd7 14. Bb5 Nge7 15. 0-0 Kb8 16. Qd2 Bxc3 17. Qxc3 Nb4 18. Nxa5 Qxa5 19. Nb3 Qb6 20. Qxb4 Bxb5 21. axb5 Nc6 22. Qa4 Ne5 23. Rfc1 Nc4 24. Nd4 Kc7 25. b3 Ra8 26. Qxa8 1-0

[Event "Chigorin Memorial 23rd"]
[Site "St Petersburg"]
[Date "2015.10.08"]
[Round "6"]
[White "Hakobyan, Hovhannes H"]
[Black "Melnikov, Dmitry"]
[Result "1-0"]
[WhiteElo "2043"]
[BlackElo "2272"]
[PlyCount "133"]
[EventDate "2015.10.03"]
[EventType "swiss"]
[EventRounds "9"]
[EventCountry "RUS"]
[SourceTitle "CBM 168 Extra"]
[Source "ChessBase"]
[SourceDate "2015.10.29"]
[SourceVersion "1"]
[SourceVersionDate "2015.10.29"]
[SourceQuality "1"]

1. e4 c6 2. d4 Na6 3. Nc3 Nc7 4. Nf3 g6 5. e5 Bg7 6. Bd3 d5 7. h3 h5 8. 0-0 Nh6 9. Ne2 Bf5 10. Re1 Qd7 11. c4 Bxd3 12. Qxd3 dxc4 13. Qxc4 0-0 14. Bg5 Ne6 15. Rad1 Rfd8 16. Nc3 Nxg5 17. Nxg5 e6 18. Re3 Qe7 19. Nge4 Kh7 20. g3 Rac8 21. b4 Rc7 22. a4 b6 23. Red3 Rcd7 24. Nd6 Nf5 25. Nce4 Nxd6 26. exd6 Rxd6 27. Nxd6 Rxd6 28. b5 Qd7 29. bxc6 Rxc6 30. Qb5 Qd5 31. Qxd5 exd5 32. Rb3 Rc4 33. a5 bxa5 34. Rb5 Rxd4 35. Rxd4 Bxd4 36. Rxd5 Bc3 37. Rd6 a6 38. Kf1 Bb4 39. Rxa6 Kh6 40. Ke2 Kg5 41. f4+ Kh6 42. Kf3 Be1 43. g4 hxg4+ 44. hxg4 Bd2 45. Rd6 Bb4 46. Rd7 Kg7 47. Ke4 Kf6 48. Ra7 Bd2 49. Ra6+ Ke7 50. f5 gxf5+ 51. Kxf5 Bc3 52. Ra7+ Ke8 53. Kg5 Bd2+ 54. Kf5 Bc3 55. Rc7 Bd4 56. Rc4 Bb6 57. Kf6 Bd8+ 58. Kg7 Be7 59. Rf4 f6 60. Rd4 Ba3 61. Re4+ Be7 62. Kg8 Kd7 63. Kf7 Bd8 64. Rd4+ Kc8 65. Ke6 Kc7 66. Rd5 Kc8 67. Kf7 1-0

[Event "Chigorin Memorial 22nd"]
[Site "St Petersburg"]
[Date "2014.10.26"]
[Round "9"]
[White "Melnikov, Dmitry"]
[Black "Mezentsev, Ivan"]
[Result "1-0"]
[WhiteElo "2260"]
[BlackElo "2080"]
[PlyCount "87"]
[EventDate "2014.10.18"]
[EventType "swiss"]
[EventRounds "9"]
[EventCountry "RUS"]
[SourceTitle "EXT 2015"]
[Source "ChessBase"]
[SourceDate "2014.11.20"]
[SourceVersion "1"]
[SourceVersionDate "2014.11.20"]
[SourceQuality "1"]

1. e4 e6 2. d4 d5 3. Nc3 Nf6 4. Bg5 Be7 5. e5 Nfd7 6. Bxe7 Qxe7 7. Qd2 a6 8. Nd1 c5 9. c3 Nc6 10. f4 0-0 11. Nf3 b5 12. Bd3 b4 13. 0-0 a5 14. f5 exf5 15. Bxf5 bxc3 16. bxc3 cxd4 17. cxd4 Nb6 18. Bxh7+ Kxh7 19. Qc2+ Kg8 20. Qxc6 Rb8 21. Ne3 Be6 22. Qc2 Rfc8 23. Qf2 Na4 24. Qg3 Nc3 25. Rae1 Rb2 26. Ng5 Ne2+ 27. Rxe2 Rxe2 28. Qh4 Qd7 29. Qh7+ Kf8 30. Qh8+ Ke7 31. Qxg7 Rf8 32. Nh7 Qc8 33. Nxf8 Qxf8 34. Nf5+ Ke8 35. Nd6+ Ke7 36. Qg5+ Kd7 37. Nxf7 Rxa2 38. Nd6 Qe7 39. Qc1 Qd8 40. Qb1 Rd2 41. Qb5+ Ke7 42. Qc5 Kd7 43. Rb1 Ke7 44. Nb7+ 1-0

[Event "Chigorin Memorial 22nd"]
[Site "St Petersburg"]
[Date "2014.10.24"]
[Round "7"]
[White "Melnikov, Dmitry"]
[Black "Alieva, Alexandra"]
[Result "1-0"]
[WhiteElo "2260"]
[BlackElo "2085"]
[PlyCount "63"]
[EventDate "2014.10.18"]
[EventType "swiss"]
[EventRounds "9"]
[EventCountry "RUS"]
[SourceTitle "EXT 2015"]
[Source "ChessBase"]
[SourceDate "2014.11.20"]
[SourceVersion "1"]
[SourceVersionDate "2014.11.20"]
[SourceQuality "1"]

1. e4 c5 2. b3 e5 3. Bb2 Nc6 4. Bc4 Nf6 5. Nc3 Nxe4 6. Nxe4 d5 7. Bd3 dxe4 8. Bxe4 Nd4 9. Nf3 Bd6 10. c3 Ne6 11. Qc2 g6 12. 0-0-0 f5 13. Bd5 e4 14. c4 Rf8 15. Rhe1 Qc7 16. d4 cxd4 17. Nxd4 Nxd4 18. Bxd4 Ba3+ 19. Kb1 Bd7 20. f3 0-0-0 21. fxe4 fxe4 22. Rxe4 Bf5 23. Be6+ Bxe6 24. Rxe6 Qxh2 25. c5 Qh5 26. Rd6 Qf5 27. Qxf5+ gxf5 28. Bf2 Rxd6 29. cxd6 Kd7 30. Bxa7 Rf6 31. Bb8 Rg6 32. Rd2 1-0

[Event "Chigorin Memorial 22nd"]
[Site "St Petersburg"]
[Date "2014.10.23"]
[Round "6"]
[White "Lantini, Marco"]
[Black "Melnikov, Dmitry"]
[Result "1/2-1/2"]
[WhiteElo "2035"]
[BlackElo "2260"]
[PlyCount "61"]
[EventDate "2014.10.18"]
[EventType "swiss"]
[EventRounds "9"]
[EventCountry "RUS"]
[SourceTitle "EXT 2015"]
[Source "ChessBase"]
[SourceDate "2014.11.20"]
[SourceVersion "1"]
[SourceVersionDate "2014.11.20"]
[SourceQuality "1"]

1. d4 f5 2. g3 Nf6 3. Bg2 d6 4. Nc3 e5 5. dxe5 dxe5 6. Qxd8+ Kxd8 7. e4 Nc6 8. Bg5 Bd6 9. 0-0-0 h6 10. Be3 Ke7 11. Nge2 Ng4 12. Nd5+ Kf7 13. Rdf1 Rf8 14. Bd2 Kg8 15. f4 fxe4 16. Bxe4 Nd4 17. Nxd4 exd4 18. h3 Nf6 19. Nxf6+ Rxf6 20. g4 c6 21. f5 Bd7 22. h4 Raf8 23. g5 R6f7 24. gxh6 Bxf5 25. hxg7 Kxg7 26. Rhg1+ Kh8 27. Bh6 Bxe4 28. Bxf8 Rxf8 29. Rxf8+ Bxf8 30. Rg4 Bh6+ 31. Kb1 1/2-1/2

[Event "Chigorin Memorial 22nd"]
[Site "St Petersburg"]
[Date "2014.10.21"]
[Round "4"]
[White "Prizant, Jaroslav"]
[Black "Melnikov, Dmitry"]
[Result "1-0"]
[WhiteElo "2511"]
[BlackElo "2260"]
[PlyCount "43"]
[EventDate "2014.10.18"]
[EventType "swiss"]
[EventRounds "9"]
[EventCountry "RUS"]
[SourceTitle "EXT 2015"]
[Source "ChessBase"]
[SourceDate "2014.11.20"]
[SourceVersion "1"]
[SourceVersionDate "2014.11.20"]
[SourceQuality "1"]

1. Nf3 f5 2. d3 d6 3. e4 Nc6 4. Nc3 Nf6 5. exf5 Bxf5 6. d4 e5 7. Bb5 e4 8. d5 a6 9. Nd4 Bg4 10. Be2 Nxd4 11. Qxd4 Bxe2 12. Nxe2 Qd7 13. 0-0 Be7 14. Ng3 0-0 15. Bd2 Rae8 16. Rae1 c5 17. dxc6 Qxc6 18. Nxe4 Qxc2 19. Bc3 Kh8 20. Nxd6 Bxd6 21. Qxd6 Ne4 22. Qd7 1-0

[Event "Chigorin Memorial 20th"]
[Site "St Petersburg"]
[Date "2012.11.03"]
[Round "8"]
[White "Alsina Leal, Daniel"]
[Black "Melnikov, Dmitry"]
[Result "1-0"]
[WhiteElo "2528"]
[BlackElo "2292"]
[PlyCount "89"]
[EventDate "2012.10.27"]
[EventType "swiss"]
[EventRounds "9"]
[EventCountry "RUS"]
[SourceTitle "EXT 2013"]
[Source "ChessBase"]
[SourceDate "2012.11.22"]
[SourceVersion "1"]
[SourceVersionDate "2012.11.22"]
[SourceQuality "1"]

1. e4 e5 2. Nf3 Nc6 3. Bb5 Nd4 4. Nxd4 exd4 5. 0-0 Bc5 6. Bc4 d6 7. d3 Qh4 8. Nd2 Bg4 9. f3 Be6 10. a3 Nf6 11. b4 Bb6 12. Qe1 Qxe1 13. Rxe1 Kd7 14. Bxe6+ fxe6 15. e5 Nd5 16. Nc4 a6 17. Bd2 Ba7 18. Re4 b5 19. Na5 Ne3 20. Bxe3 dxe3 21. Nb3 Rhc8 22. c4 bxc4 23. dxc4 d5 24. Rg4 c5 25. Rxg7+ Ke8 26. Nxc5 Bxc5 27. bxc5 dxc4 28. Rc1 Rab8 29. c6 Kf8 30. Rxh7 Kg8 31. Rb7 Rxb7 32. cxb7 Rb8 33. Rb1 c3 34. Kf1 c2 35. Rc1 Rxb7 36. Rxc2 Rb3 37. Ra2 a5 38. a4 Kg7 39. g4 Kg6 40. h4 Kg7 41. Ke2 Rc3 42. h5 Rb3 43. f4 Kf7 44. g5 Kg7 45. Rc2 1-0

[Event "Chigorin Memorial 20th"]
[Site "St Petersburg"]
[Date "2012.10.30"]
[Round "4"]
[White "Levin, Evgeny A"]
[Black "Melnikov, Dmitry"]
[Result "1-0"]
[WhiteElo "2516"]
[BlackElo "2292"]
[PlyCount "56"]
[EventDate "2012.10.27"]
[EventType "swiss"]
[EventRounds "9"]
[EventCountry "RUS"]
[SourceTitle "EXT 2013"]
[Source "ChessBase"]
[SourceDate "2012.11.22"]
[SourceVersion "1"]
[SourceVersionDate "2012.11.22"]
[SourceQuality "1"]

1. d4 f5 2. g3 Nf6 3. Bg2 g6 4. Nh3 Bg7 5. Nf4 0-0 6. h4 d6 7. Nc3 c6 8. d5 c5 9. h5 gxh5 10. e4 Qe8 11. Nxh5 Nxh5 12. Rxh5 Na6 13. Qe2 Rb8 14. Bh6 Bxh6 15. Rxh6 Rf6 16. Rh4 e5 17. dxe6 Bxe6 18. 0-0-0 Rd8 19. Qd2 Nb4 20. Rdh1 Rd7 21. a3 Nc6 22. exf5 Rxf5 23. Be4 Rff7 24. Qg5+ Rg7 25. Bxh7+ Kf8 26. Rf4+ Rdf7 27. Bg6 Rxf4 28. Rh8+ Rg8 1-0

[Event "Chigorin Memorial 19th"]
[Site "St Petersburg"]
[Date "2011.10.14"]
[Round "1"]
[White "Melnikov, Dmitry"]
[Black "Korobov, Anton"]
[Result "0-1"]
[WhiteElo "2299"]
[BlackElo "2671"]
[PlyCount "104"]
[EventDate "2011.10.14"]
[EventType "swiss"]
[EventRounds "9"]
[EventCountry "RUS"]
[SourceTitle "CBM 144 Extra"]
[Source "ChessBase"]
[SourceDate "2011.10.28"]
[SourceVersion "1"]
[SourceVersionDate "2011.10.28"]
[SourceQuality "1"]

1. e4 c5 2. Nf3 d6 3. d4 cxd4 4. Nxd4 Nf6 5. Nc3 a6 6. f3 e5 7. Nb3 Be6 8. Be3 h5 9. Nd5 Bxd5 10. exd5 Nbd7 11. c4 g6 12. Be2 Bh6 13. Bxh6 Rxh6 14. Qd2 Rh8 15. 0-0-0 a5 16. Kb1 a4 17. Nc1 Qb6 18. Rhf1 Nc5 19. f4 Nfe4 20. Qc2 a3 21. b3 Qa5 22. Ka1 exf4 23. Rxf4 f5 24. Nd3 Qd8 25. Nxc5 Qf6+ 26. Kb1 Nc3+ 27. Kc1 Nxd1 28. Nxb7 Nc3 29. c5 Nxe2+ 30. Qxe2+ Kf8 31. Qe6 Qc3+ 32. Kd1 Re8 33. Rxf5+ Kg7 34. Rf7+ Kh6 35. Re7 Rhf8 36. Rxe8 Qd3+ 37. Kc1 Rf1+ 38. Qe1 Qc3+ 39. Kd1 Qa1+ 40. Kd2 Qxa2+ 41. Kc3 Qb2+ 42. Kc4 Rxe1 43. Rxe1 a2 44. Rg1 dxc5 45. Nxc5 a1Q 46. Rxa1 Qxa1 47. d6 Qf1+ 48. Kd5 Qxg2+ 49. Ke6 Kg7 50. b4 Qg4+ 51. Ke7 Qh4+ 52. Ke8 Qe1+ 0-1

[Event "Chigorin Memorial 18th"]
[Site "St Petersburg"]
[Date "2010.11.03"]
[Round "7"]
[White "Melnikov, Dmitry"]
[Black "Kharlov, Andrei"]
[Result "0-1"]
[WhiteElo "2348"]
[BlackElo "2510"]
[PlyCount "80"]
[EventDate "2010.10.28"]
[EventType "swiss"]
[EventRounds "9"]
[EventCountry "RUS"]
[SourceTitle "EXT 2011"]
[Source "ChessBase"]
[SourceDate "2010.11.26"]
[SourceVersion "1"]
[SourceVersionDate "2010.11.26"]
[SourceQuality "1"]

1. e4 c5 2. Nf3 e6 3. Nc3 Nc6 4. d4 cxd4 5. Nxd4 Qc7 6. g3 Nf6 7. Bg2 a6 8. 0-0 d6 9. Be3 Be7 10. Qe2 Nxd4 11. Bxd4 0-0 12. Rad1 e5 13. Be3 Be6 14. Nd5 Nxd5 15. exd5 Bd7 16. c4 f5 17. Rc1 f4 18. Bd2 Bg5 19. Rfd1 Qb6 20. Be4 Rf6 21. Qh5 Bh6 22. g4 g5 23. Bc3 Rc8 24. b3 Qc7 25. Rc2 Be8 26. Qh3 Bf8 27. c5 Rh6 28. cxd6 Qxd6 29. Qd3 Bb5 30. Qf3 Bd7 31. h3 Rh4 32. Bb2 Re8 33. Rc6 Qb8 34. Re6 Bd6 35. Bf5 Bxe6 36. dxe6 Rd8 37. Kg2 Rh6 38. Qe4 Qc7 39. Rd5 Rf6 40. Bxh7+ Qxh7 0-1

[Event "St Petersburg Autumn op"]
[Site "St Petersburg"]
[Date "2010.10.24"]
[Round "9"]
[White "Melnikov, Dmitry"]
[Black "Belov, Nikita"]
[Result "1-0"]
[WhiteElo "2348"]
[BlackElo "2039"]
[PlyCount "99"]
[EventDate "2010.10.16"]
[EventType "swiss"]
[EventRounds "9"]
[EventCountry "RUS"]
[SourceTitle "EXT 2011"]
[Source "ChessBase"]
[SourceDate "2010.11.26"]
[SourceVersion "1"]
[SourceVersionDate "2010.11.26"]
[SourceQuality "1"]

1. e4 e6 2. d4 d5 3. Nc3 Bb4 4. e5 c5 5. Bd2 cxd4 6. Nb5 Be7 7. Qg4 Kf8 8. Nf3 Nc6 9. Bd3 f6 10. Nbxd4 Nxd4 11. Qxd4 Qb6 12. Qxb6 axb6 13. c4 fxe5 14. Nxe5 Nf6 15. 0-0 Bd6 16. Bf4 Ke7 17. Rfe1 Rd8 18. cxd5 Bxe5 19. Bxe5 Rxd5 20. Bc4 Rc5 21. Bb3 b5 22. Rad1 Ra6 23. Bc3 Kf7 24. Bb4 Rcc6 25. Rd8 Bd7 26. h3 Rc8 27. Rxc8 Bxc8 28. Re5 Bd7 29. f4 g6 30. Kf2 h5 31. Kg3 Ra8 32. Kh4 Re8 33. g4 hxg4 34. hxg4 Bc6 35. Bc2 Rh8+ 36. Kg3 Rh1 37. Re1 Rxe1 38. Bxe1 Ne4+ 39. Kh4 Ke8 40. Ba5 Kd7 41. a3 Kd6 42. Bb6 Kd7 43. Bd3 Kd6 44. Kh3 e5 45. f5 gxf5 46. gxf5 Nf6 47. Bd8 Nd5 48. Kg4 Ne3+ 49. Kg5 e4 50. Be2 1-0